<?xml version="1.0" encoding="UTF-8"?>
<collection xmlns="http://www.loc.gov/MARC21/slim">
  <record>
    <leader>00000nam  2200000   4500</leader>
    <controlfield tag="001">INLIS000000000008825</controlfield>
    <controlfield tag="005">20200619013946</controlfield>
    <datafield tag="035" ind1="#" ind2="#">
      <subfield code="a">0010-0620000111</subfield>
    </datafield>
    <controlfield tag="007">ta</controlfield>
    <controlfield tag="008">200619################g##########0#ind##</controlfield>
    <datafield tag="020" ind1="#" ind2="#">
      <subfield code="a">979416268-x</subfield>
    </datafield>
    <datafield tag="082" ind1="#" ind2="#">
      <subfield code="a">307.72</subfield>
    </datafield>
    <datafield tag="084" ind1="#" ind2="#">
      <subfield code="a">307.72 PEM</subfield>
    </datafield>
    <datafield tag="100" ind1=" " ind2="#">
      <subfield code="a">Dyah, Savitri W.I.K.R.</subfield>
    </datafield>
    <datafield tag="245" ind1="1" ind2="#">
      <subfield code="a">Pembangunan Masyarakat Pedesaan :</subfield>
      <subfield code="b">Suatu Telaah Analitis Masyarakat Wamena, Irian Jaya /</subfield>
      <subfield code="c">Savitri Dyah W.I.K.R.</subfield>
    </datafield>
    <datafield tag="250" ind1="#" ind2="#">
      <subfield code="a">Cet.1</subfield>
    </datafield>
    <datafield tag="260" ind1="#" ind2="#">
      <subfield code="a">Jakarta :</subfield>
      <subfield code="b">Pustaka Sinar Harapan,</subfield>
      <subfield code="c">1994</subfield>
    </datafield>
    <datafield tag="300" ind1="#" ind2="#">
      <subfield code="a">226 hal. :</subfield>
      <subfield code="b">ilus ;</subfield>
      <subfield code="c">21 cm</subfield>
    </datafield>
    <datafield tag="650" ind1="#" ind2="#">
      <subfield code="a">Pembangunan desa Irian Jaya-Wamena</subfield>
    </datafield>
    <datafield tag="700" ind1=" " ind2="#">
      <subfield code="a">Maulana, Ratnaesih</subfield>
    </datafield>
    <datafield tag="520" ind1="#" ind2="#">
      <subfield code="a">Keunikan dan budaya masyarakat Irian Jaya (khususnya suku Dani di Lembah Baliem) sangat menarik untuk diketahui. Kehidupan sosial budaya mereka dalam mempertahankan kelestarian nilai-nilai budayanya tercermin dari cara berpakaian, hubungan interaksi dalam kehidupan pasar, upacara kematian serta sistem kepemimpinan klen dalam konfederasi dan aliansi masyarakat Bali masih dipegang terus sampai sekarang. Untuk melestarikan adat dan budaya masyarakat Baliem, maka Tim Peneliti LIPI antar disiplin ilmu biologi dan lingkungan serta antropologi mengadakan studi analitis serta membantu masyarakat Baliem untuk mengantisipasi kemajuan  dan perkembangan zaman yang semakin maju.</subfield>
    </datafield>
    <datafield tag="856" ind1="#" ind2="#">
      <subfield code="a">Perpustakaan Lembaga Administrasi Negara</subfield>
    </datafield>
    <datafield tag="990" ind1="#" ind2="#">
      <subfield code="a">27484</subfield>
    </datafield>
  </record>
</collection>
